000 00621nam a22002057a 4500
005 20251108174758.0
008 250721s2008 xx 000 0 ara d
082 1 4 _aم/547.5/موس
100 1 _aقاضي، جورج
245 1 0 _aالإنسان و البيئة كوكب ذو ألف وجه الماء و الأوساط المائية التربة و الهواء /
264 1 _aبيروت :
_bعويدات،
_c2008.
300 _a83ص.
490 0 _aبيئتنا
650 1 7 _aالبيئة
650 1 7 _aالرياح
650 1 7 _aالجو
650 1 7 _aالمياه
942 _2ddc
_cREF
999 _c117810
_d117810